000
00399nam a22001697a 4500
003
MPLRDC
005
20220104142931.0
008
210129b ||||| |||| 00| 0 eng d
082
_a
527.83 LTZ
100
_a
刘添珍
245
_a
鼓号乐队
_c
250
_a
五版
260
_a
_b
天同出版社
_c
1977
300
_b
平
650
_a
学校管理--学生团体
942
_c
BK
_o
527.83 LTZ
999
_c
35030
_d
35020